Statistics for Every Track The ELMS Has Raced At

Click here to take the quiz!

General Stats

  • This quiz has been taken 57 times
  • The average score is 16 of 19

Answer Stats

Year(s) ActiveCountryAnswer% Correct
2009-2010, 2017-PRTAutodromo Internacional do Algarve
100%
2004-2005, 2007-2008, 2017-2022ITAAutodromo Nazionale di Monza
100%
2008-2009, 2019, 2021-ESPCircuit de Barcelona-Catalunya
100%
2004-2011, 2016-BELCircuit de Spa-Francorchamps
100%
2004-2005, 2007-2011, 2013-2019GBRSilverstone Circuit
100%
2011, 2013-2016, 2022, 2024-ITAAutodromo Enzo e Dino Ferrari
98%
2010-FRACircuit Paul Ricard
98%
2004-2009DEUNurburgring
98%
2013-2018, 2021AUTRed Bull Ring
98%
2010, 2013HUNHungaroring
96%
2007BRAAutodromo Jose Carlos Pace
89%
2024-ITAMugello Circuit
89%
2011, 2014-2016PRTAutodromo Fernanda Pires da Silva
76%
2007ESPCircuit de Valencia
76%
2005-2006TURIstanbul Park
76%
2023ESPMotorLand Aragon
69%
2012USARoad Atlanta
65%
2006ESPCircuito de Madrid Jarama
58%
2006, 2012GBRDonington Park
58%

Score Distribution

Percentile by Number Answered

Percent of People with Each Score

Your Score History

You have not taken this quiz